000 00471cam a2200181ua 4500
001 9966
005 20260515114541.0
008 170222n ii |||gr||||Z||||||eng
040 _cMAIN
041 _aeng
082 _a425
100 _aKrishnaswamy, N.,
_eAuthor.
245 _aModern english :
_ba book of grammar, usage and composition /
_cBy N. Krishnaswamy .
260 _aDelhi:
_bMacmillan,
_c1980.
300 _a374p.
653 _aEnglish grammar
942 _cBK
999 _c8962
_d8962